Cómo ser feliz según Don Quijote : guía para la meditación diaria basada en los valores de cervantes /

Сохранить в:
Библиографические подробности
Главный автор: García-Rodrigo Roquero, David J., 1972- (Автор)
Формат: Электронный ресурс eКнига
Язык:испанский
Опубликовано: España : Bubok Editorial, [2016]
Предметы:
Online-ссылка:Digitalia Hispánica
Метки: Добавить метку
Нет меток, Требуется 1-ая метка записи!

MARC

LEADER 00000nam a2200000Ii 4500
001 DIGBUBOK0234
003 NyNyDIG
006 m o d
007 cr |||||||||||
008 260318s2016 sp o 000 0 spa d
020 |a 9788468698618  |q digital 
020 |a 9788468698281  |q pdf 
020 |z 9788468698274 
035 |a (OCoLC)1581845798 
040 |a DGITA  |b eng  |e rda  |e pn  |c DGITA 
050 1 4 |a BF637.S4 ebook 
100 1 |a García-Rodrigo Roquero, David J.,  |d 1972-  |e author. 
245 1 0 |a Cómo ser feliz según Don Quijote :  |b guía para la meditación diaria basada en los valores de cervantes /  |c David J. García-Rodrigo Roquero. 
264 1 |a España :  |b Bubok Editorial,  |c [2016] 
300 |a 1 online resource. 
336 |a text  |b txt  |2 rdacontent 
337 |a computer  |b c  |2 rdamedia 
338 |a online resource  |b cr  |2 rdacarrier 
347 |a text file  |2 rdaft 
347 |b EPUB 
588 0 |a Online resource; title from ePub title page (Digitalia, viewed March 18, 2026) 
600 1 0 |a Cervantes Saavedra, Miguel de,  |d 1547-1616  |t Don Quixote. 
650 0 |a Self-realization. 
776 0 8 |i Print version:  |a García-Rodrigo Roquero, David J., 1972-  |t Cómo ser feliz según Don Quijote.  |d España : Bubok Editorial, [2016]  |z 9788468698274 
791 2 |a Digitalia (Firm),  |e distributor. 
793 0 |g Digitalia eBook Collection:  |a Bubok Editorial 
856 4 0 |3 Digitalia Hispánica  |u https://digitalia.unach.elogim.com/a/150824/ 
910 |a Premium collection: 2026